Lovers Rock - TV Girl (Lyrics) - Statistics

General Stats
  • This quiz has been taken 728 times
  • The average score is 186 of 229
Answer Stats
Answer % Correct
a
99%
I
98%
to
98%
you
97%
You
97%
the
96%
And
95%
be
95%
love
92%
might
92%
of
92%
But
91%
for
91%
if
91%
is
91%
music
91%
She
91%
she
91%
like
90%
right
90%
your
90%
kiss
89%
night
89%
stay
89%
just
88%
drunk
87%
let
87%
drive
86%
end
85%
too
85%
Who
85%
Are
84%
me
84%
something
84%
Something
84%
song
84%
that
84%
already
83%
tell
83%
With
83%
with
83%
Before
82%
trying
82%
want
82%
Would
82%
boy
81%
pretty
81%
sick
81%
you're
81%
voice
80%
cigarette
79%
have
79%
said
79%
I'm
78%
rock
78%
lovers
77%
Because
76%
We
73%
along
72%
her
72%
sell
72%
nothing
71%
listening
70%
burn
69%
In
69%
grabs
68%
hand
68%
it
68%
were
68%
bedroom
67%
drags
67%
closer
66%
little
66%
over
66%
can
65%
leave
65%
Flip
64%
start
64%
record
62%
skips
61%
sit
60%
this
60%
talk
55%
While
55%
others
53%
alone
52%
Do-do
20%
do-do-do-do-do
12%
No matching quizzes found
Score Distribution
Percent of People with Each Score
Percentile by Number Answered
Your Score History
You have not taken this quiz